Województwa historycznej Małopolski - Statystyki

Ogólne statystyki
  • Ten quiz został rozwiązany 37 razy
  • Średni wynik to 7 z 7
Statystyki odpowiedzi
Województwo % % Poprawnych
podkarpackie 40.2%
97%
lubelskie 45.7%
94%
małopolskie 96.8%
94%
mazowieckie 17.1%
94%
śląskie 43.2%
94%
świętokrzyskie 100%
94%
łódzkie 8.6%
91%
Nie znaleziono quizów pasujących do podanych kryteriów
Rozkład punktacji
Procent ludzi z każdym wynikiem
Percentyl według liczby udzielonych odpowiedzi
Twoja historia wyników
Nie rozwiązałeś tego quizu